Ülkemin Şiir Atlası Bütün Şiirleri (Record no. 173)

000 -LEADER
fixed length control field 00516nam a22001817a 4500
008 - FIXED-LENGTH DATA ELEMENTS--GENERAL INFORMATION
fixed length control field 170612b xxu||||| |||| 00| p tur d
020 ## - INTERNATIONAL STANDARD BOOK NUMBER
International Standard Book Number 9789753902762
041 ## - LANGUAGE CODE
Language code of text/sound track or separate title Türkçe
050 ## - LIBRARY OF CONGRESS CALL NUMBER
Classification number PL248.B78
100 ## - MAIN ENTRY--PERSONAL NAME
9 (RLIN) 240
Personal name Abdulkadir Bulut
245 ## - TITLE STATEMENT
Title Ülkemin Şiir Atlası Bütün Şiirleri
Statement of responsibility, etc. Abdulkadir Bulut
250 ## - EDITION STATEMENT
Edition statement 2. baskı
260 ## - PUBLICATION, DISTRIBUTION, ETC.
Place of publication, distribution, etc. İstanbul
Name of publisher, distributor, etc. e Yayınları
Date of publication, distribution, etc. Ekim 2010
300 ## - PHYSICAL DESCRIPTION
Extent 302 sayfa
500 ## - GENERAL NOTE
General note Sertifika No: 10763

2 adet mevcuttur.
650 #0 - SUBJECT ADDED ENTRY--TOPICAL TERM
9 (RLIN) 145
Topical term or geographic name entry element Türk Edebiyatı
942 ## - ADDED ENTRY ELEMENTS (KOHA)
Source of classification or shelving scheme
Koha item type Books
Holdings
Withdrawn status Lost status Source of classification or shelving scheme Damaged status Not for loan Permanent Location Current Location Shelving location Date acquired Full call number Barcode Date last seen Price effective from Koha item type
        Ödünç verilemez İmren Ahmet Tüzün Kütüphanesi İmren Ahmet Tüzün Kütüphanesi Ahmet Tüzün 2017-06-12 PL248.B78 100100000168 2017-06-12 2017-06-12 Books

This software was implemented, installed and managed by Devinim Software Training Consulting .